|
|
|
|
| LEADER |
01113cam a2200205 a 4500 |
| 001 |
74097 |
| 003 |
GR-PaULI |
| 005 |
20250213110302.0 |
| 008 |
000516s1981||||gr ab||g 000 gre # |
| 040 |
|
|
|a GR-PaULI
|b gre
|c GR-PaULI
|e AACR2
|
| 082 |
0 |
4 |
|a 956
|2 23
|
| 100 |
1 |
|
|a Κασιάνης, Ελευθ. Θ.
|q (Ελευθέριος Θ.),
|d 1918-
|4
|9 87360
|e συγγραφέας.
|
| 245 |
1 |
3 |
|a Τα Θυάτειρα (το Αξάρι) :
|b η ιστορική πολιτεία της Μικράς Ασίας από τα αρχαία χρόνια ως τη Μικρασιατική Καταστροφή /
|c Ελευθ. Θ. Κασιάνης.
|
| 260 |
|
|
|a Αθήνα :
|b Ένωση Σμυρναίων Αθηναίων,
|c 1981.
|
| 300 |
|
|
|a 195, [2] σ. :
|b εικ., χάρτες ;
|c 24 εκ.
|
| 504 |
|
|
|a Περιλαμβάνει βιβλιογραφία.
|
| 651 |
|
4 |
|a Θυάτειρα
|x Ιστορία.
|9 208127
|2
|
| 942 |
|
|
|c BK
|2 ddc
|
| 952 |
|
|
|0 0
|1 0
|2 ddc
|4 0
|6 956_000000000000000_ΚΑΣ
|7 0
|9 387450
|a LISP
|b LISP
|c DON
|d 2025-02-13
|e ΠΑΝ
|i 095565
|l 0
|o 956 ΚΑΣ
|p 025000166190
|r 2025-02-13 11:03:57
|t 1
|w 2025-02-13
|y BKN
|
| 999 |
|
|
|c 224866
|d 224866
|